000 00511pab a2200169 454500
008 180718b2013 xxu||||| |||| 00| 0 eng d
100 _aJohnston, Ron
245 _aLocal inquiries or public hearings: Changes in public consultation over the redistribution of UK parliamentary constituency boundaries
260 _c2013
300 _ap.663-679.
650 _aPublic inquiry
700 _aRossiter, David
700 _aPattie,Charles
773 _aPublic Administration
908 _aN
909 _a101712
999 _c101710
_d101710